000 00296cam a2200133ua 4500
082 _a940
_bMAY/EU
100 _aMay, Arthur J .
245 _aEorope since 1939
260 _a :
_bHolt, Rinehart and winston, inc ,
_c1966.
300 _a787 ; .
504 _a
942 _cBK
999 _c574
_d574